| 000 | 00349nam a2200121Ia 4500 | ||
|---|---|---|---|
| 008 | 220204s9999 xx 000 0 und d | ||
| 082 |
_aNR:63(036) _bSAT.1 |
||
| 100 | _aSatheesh Chandran Nair, MG | ||
| 245 | 0 | _aRubber krishi paadamala.1. Nilamorukkalum nadeelum (Malayalam) | |
| 260 |
_aKottayam _bRubber Board _c2019 |
||
| 300 | _a56p. | ||
| 942 | _cBK | ||
| 999 |
_c44809 _d44809 |
||